The Hand Made Object and Its Maker

Bibliographic Details
Main Author: Jones, Michel Owen (Author)
Format: Book
Language:English
PhysicalDescription:261 s.
Published: Berkeley University of California 1975

MARC

LEADER 00000nam a2200000 a 4500
001 vtls008159635
003 SK-MaSNL
005 20260301095125.0
008 240314 000 0 eng
040 |a SNK  |b slo  |c SNK  |e AACR2 
100 1 |a Jones, Michel Owen  |4 aut  |9 429980 
245 1 4 |a The Hand Made Object and Its Maker 
260 |a Berkeley  |b University of California  |c 1975 
300 |a 261 s. 
999 |c 682255  |d 684185 
952 |a SNK  |b SNK  |y VYP  |7 0  |p 17A0473538  |o snkIC 85611  |i snkV 2143/81  |3 rekatalogizácia  |0 0  |1 0  |4 0  |d 2005-06-10  |l 0  |r 2026-02-23 20:01:12  |w 2026-02-23